000 00578nam a22001817a 4500
003 OSt
005 20250819014234.0
008 250819b |||||||| |||| 00| 0 eng d
020 _a1-57965-264-6.
040 _aDWC-Main Lib.
_cOC
100 _aAFTEL, MANDY
245 _aAroma :
_bthe magic of essential oils in food and fragrance/
260 _aNew York :
_bArtisan,
_cc2004.
300 _a216 pages :
_bcolor illustrations ;
_c25cm.
504 _aIncludes index.
650 _a1. Cooking. 2. Essence and essential oils. 3. Odors.
942 _2ddc
_cBK-CIRC
_hCirc.
_n0
999 _c4036
_d4036